Statistics for Horror Movies By Year

Click here to take the quiz!

General Stats

  • This quiz has been taken 459 times
    (381 since last reset)
  • The average score is 6 of 14

Answer Stats

HintCharacterAnswer% Correct
2004JigsawSaw
95%
2003Krueger and VoorheesFreddy vs Jason
86%
2006LeatherfaceThe Texas Chainsaw Massacre: The Beginning
84%
2002Samara MorganThe Ring
69%
2013Polite LeaderThe Purge
37%
2011Lamb MaskYou're Next
35%
2009EstherOrphan
34%
2000GhostfaceScary Movie
33%
2007TobyParanormal Activity
27%
2010The Bride In BlackInsidious
25%
2001Cupid MaskValentine
23%
2005Mick TaylorWolf Creek
15%
2012Gary SittersonThe Cabin In The Woods
9%
2008EliLet the Right One In
7%

Score Distribution

Percentile by Number Answered

Percent of People with Each Score

Your Score History

You have not taken this quiz since the last reset